| 000 | 01268nam a2200253 i 4500 | ||
|---|---|---|---|
| 003 | DO-SdBNP | ||
| 005 | 20231227131917.0 | ||
| 006 | a||||gr|||| 00| 0 | ||
| 007 | ta | ||
| 008 | 231227e1984 dr ad||| |||| 00| 0 spa d | ||
| 040 |
_aDO-SdBNP _bspa _cBNPHU _erda |
||
| 082 | 4 |
_222 _a468 _bC749i |
|
| 111 | 2 |
_aCongreso Asociación de Lingüística y Filología de América Latina (ALFAL) _n(7mo : _d1984 : _cSanto Domingo, República Dominicana) _984747 |
|
| 245 | 1 | 0 |
_aVII congreso asociación de lingüística y filología de América Latina (ALFAL): _bhomenaje a Pedro Henríquez Ureña. programa |
| 246 | 1 |
_aSéptimo congreso asociación de lingüística y filología de América Latina (ALFAL): _bhomenaje a Pedro Henríquez Ureña. |
|
| 246 | 3 |
_aPrograma séptimo congreso asociación de lingüística y filología de América Latina (ALFAL): _bhomenaje a Pedro Henríquez Ureña. |
|
| 264 | 1 |
_aSanto Domingo : _bSecretaría de Estado de Educación, Bellas Artes y Cultos, _bUniversidad Autónoma de Santo Domingo (UASD), _c1984 |
|
| 300 |
_a20 páginas : _cIlustraciones, gráficas ; _b27 cm. |
||
| 336 |
_2rdacontent _atexto _btxt |
||
| 337 |
_2rdamedia _asinmediación _bn |
||
| 338 |
_2rdacarrier _avolumen _bnc |
||
| 590 | _aInventariado 2023 / MF | ||
| 942 |
_2ddc _cLF2 |
||
| 999 |
_c55641 _d55641 |
||